000 00487nam a22001817a 4500
999 _c3043
_d3000
008 190114b ||||| |||| 00| | eng d
020 _a9750703014
041 _atur
050 _aPL248.A73
100 _91488
_aAslankara, M. Sadık
245 _a Sıǧınak : Roman
250 _a1.Basım
260 _aİstanbul:
_bCan Yayınları,
_c2003
300 _a259 Sayfa
500 _aAhmet Tüzün/2003 / Antalya notu düşülmüş.
650 0 _9145
_aTürk Edebiyatı
942 _2lcc
_cBK